00719nam a2200241 a 4500001001300000003000900013005001700022008004100039020001100080082001800091100001800109245004100127260004200168300000900210500003500219505001700254650002300271700001800294902000800312942000700320952013300327999001700460nice12345678IN_TiNIC20260116014732.0050524s2001 edia grp 000 0 eng  ac138900a297.1977bBLA aBlack, Antony aHistory of Islamic Political Thought aEdinburghbEdinburgh Universityc2001 a377p aincludes index and biblioraphy2 aBibliography aIslam and Politics1 aBlack, Antony bSRS cBK 001040708StackRoom-aHMIbHMId2010-02-17g1389.00l2o297.1977 BLAp020105r2020-01-22s2020-01-14v1389.00w2005-05-24yBK c16712d16712